| 000 | 01004cam a2200217 4500 | ||
|---|---|---|---|
| 001 | ABS62728 | ||
| 008 | 000000n2000 000 0 eng u | ||
| 035 | _a(Sirsi) u108017 | ||
| 100 | _aHanson, M. | ||
| 245 | _aCrazy mixed-up contracts | ||
| 260 | _c2000 | ||
| 490 |
_aBuilding _v265(8150) 18 August 2000, 50(1) |
||
| 520 | _aDiscusses the case of "Nottingham Community Housing Association Ltd v Powerminster Ltd" which riased a number of questions about how 'hybrid' facilities management contracts should be dealt with. Hybrid contracts are occur where some of the services to be performed under the Construction Act and some do not. | ||
| 590 | _aABS | ||
| 650 | _aHYBRID CONTRACT | ||
| 650 | _aNOTTINGHAM COMMUNITY HOUSING ASSOCIATION V POWERMINSTER | ||
| 650 | _aFAIR PAYMENT CLAUSES | ||
| 650 | _aMANAGEMENT-DISPUTE AVOIDANCE, MANAGEMENT AND RESOLUTION-DISPUTE MANAGEMENT AND RESOLUTION-ALTERNATIVE DISPUTE RESOLUTION-ADJUDICATION | ||
| 690 |
_aDispute resolution _96236 |
||
| 942 | _n0 | ||
| 999 |
_c64533 _d64533 |
||